000 00346nam a2200109Ia 4500
008 171211s9999 xx 000 0 und d
245 _aEncyclopedia of Capital Punishment in the United States
245 _cJr. Louis J. Palmer
260 _c2008
650 _xEncyclopedia and Dictionary
856 _uhttp://down.ebook777.com/057/9780786432639.pdf
999 _c350184
_d350184